Drużyna TOTY w FIFA 15 - Statystyki

Ogólne statystyki
  • Ten quiz został rozwiązany 275 razy
  • Średni wynik to 7 z 11
Statystyki odpowiedzi
Hint Odpowiedź % Poprawnych
LW Cristiano Ronaldo
100%
CF Lionel Messi
100%
CB Sergio Ramos
90%
GK Manuel Neuer
82%
CM Andres Iniesta
81%
RB Phillipp Lahm
58%
RW Arjen Robben
53%
CM Toni Kroos
44%
CB Thiago Silva
39%
CB David Luiz
38%
CAM Angel Di Maria
29%
Nie znaleziono quizów pasujących do podanych kryteriów
Rozkład punktacji
Procent ludzi z każdym wynikiem
Percentyl według liczby udzielonych odpowiedzi
Twoja historia wyników
Nie rozwiązałeś tego quizu